000 002450000a22000970004500
100 1 _aLuzarraga, Jesús
245 1 0 _aEl cilantro en 4qcant 4,16b
300 _avol. 60, núm 1 (20029, Páginas 107-123
773 0 _tEstudios Bíblicos
942 _cANA
999 _c50351
_d50351